[Event "President's Cup"]
[Site "Seattle, WA"]
[Date "2014.02.15"]
[Round "5"]
[White "Cho Ryan  (WA)"]
[Black "Velichko Konstantin  (WA)"]
[Result "1-0"]
[WhiteElo "1113"]
[BlackElo "1170"]
[Annotator ""]
[Source ""]
[Remark "Reserve"]

1.e4 c5 2.Nf3 Nc6 3.d4 cxd4 4.Nxd4 e5 5.Nf3 Nf6 6.Nc3 Bb4 7.Bd2
d6 8.Nb5 Bxd2+ 9.Qxd2 Nxe4 10.Qd3 Bf5 11.Qd5 O-O 12.Rd1 Qa5+
13.Nd2 Rfd8 14.Bc4 Rd7 15.O-O Nf6 16.Qf3 Bxc2 17.Nb3 Bxd1 18.Qxd1
Qxa2 19.Qc2 Nb4 20.Qc3 Nfd5 21.Qd2 Qa6 22.Rc1 Qc6 23.Nxa7 Rxa7
24.Bxd5 Qxd5 25.Rc8+ 1-0

[Event "President's Cup"]
[Site "Seattle, WA"]
[Date "2014.02.16"]
[Round "5"]
[White "Guo Raymond  (WA)"]
[Black "Becker Peter  (IN)"]
[Result "1/2-1/2"]
[WhiteElo "1287"]
[BlackElo "617"]
[Annotator ""]
[Source ""]
[Remark "Reserve"]

1.d4 g6 2.c4 Bg7 3.Nc3 d6 4.e4 Nd7 5.Nf3 c5 6.Bd3 e6 7.Be2 Ngf6
8.O-O Qc7 9.d5 exd5 10.exd5 Ng4 11.Bd2 Nde5 12.h3 Nxf3+ 13.Bxf3
Ne5 14.Re1 O-O 15.Be4 Nxc4 16.b3 Nxd2 17.Qxd2 Bd7 18.Bf3 Qa5
19.Re2 Bxc3 20.Qc1 Bxa1 21.Qxa1 Qc7 22.Qf6 Be8 23.h4 Rc8 24.h5
gxh5 {??} 25.Qg5+ 1/2-1/2

[Event "President's Cup"]
[Site "Seattle, WA"]
[Date "2014.02.15"]
[Round "2"]
[White "Tan Alan  (WA)"]
[Black "Zhang Jason  (WA)"]
[Result "1-0"]
[WhiteElo "1395"]
[BlackElo "1095"]
[Annotator ""]
[Source ""]
[Remark "Reserve"]

1.Nf3 d5 2.g3 c5 3.Bg2 Nc6 4.O-O Nf6 5.d3 Bg4 6.Nbd2 e6 7.e4
Nd4 8.c3 Nxf3+ 9.Nxf3 Be7 10.exd5 exd5 11.Qa4+ Bd7 12.Qc2 O-O
13.Re1 Re8 14.Bf4 Bf5 15.Nh4 Be6 16.Rad1 Bg4 17.Bf3 Bxf3 18.Nxf3
Qd7 19.Kg2 Nh5 20.Bc1 f5 21.d4 f4 22.Ne5 Qc7 23.Qf5 Nf6 24.Qe6+
Kh8 25.Nf7+ Kg8 26.Nh6+ Kh8 27.Qg8+ {%02 Nice little smother mate there!}
 1-0

[Event "President's Cup"]
[Site "Seattle, WA"]
[Date "2014.02.15"]
[Round "2"]
[White "Hasuike Mike  (OR)"]
[Black "Zhang Cheyenne  (WA)"]
[Result "1/2-1/2"]
[WhiteElo "1505"]
[BlackElo "1233"]
[Annotator ""]
[Source ""]
[Remark "Reserve"]

1.d4 d5 2.c3 Nc6 3.f4 Bf5 4.e3 Nf6 5.Bd3 Bxd3 6.Qxd3 e6 7.Nd2
Bd6 8.Ngf3 O-O 9.O-O Qe7 10.Ne5 Qe8 11.Rf3 Ne7 12.Rh3 Nf5 13.e4
dxe4 14.Nxe4 Nxe4 15.Qxe4 h6 16.g4 Ne7 17.f5 f6 18.Ng6 exf5 19.Nxe7+
Qxe7 20.Qd5+ Rf7 21.Qxf5 Qe1+ 22.Qf1 Qe4 23.Qf3 Qe1+ 24.Qf1 Qe4
25.Qf3 Qe1+ 1/2-1/2

[Event "President's Cup"]
[Site "Seattle, WA"]
[Date "2014.02.15"]
[Round "3"]
[White "Rajesh Anirudh  (WA)"]
[Black "Guo Raymond  (WA)"]
[Result "1-0"]
[WhiteElo "529"]
[BlackElo "1287"]
[Annotator ""]
[Source ""]
[Remark "Reserve"]

1.e4 e5 2.Nf3 Nc6 3.Bb5 Nf6 4.Nc3 Bb4 5.d3 a6 6.Ba4 d6 7.a3 Ba5
8.O-O Bd7 9.b4 Bb6 10.Bg5 a5 11.Qb1 axb4 12.axb4 Nd4 13.Bxd7+
Qxd7 14.Rxa8+ Ke7 15.Rxh8 Nxf3+ 16.gxf3 Qh3 17.Qd1 c6 18.b5 Bd4
19.Ne2 Qxf3 20.Nxd4 Qh3 21.Qf3 Qd7 22.Nf5+ 1-0

[Event "President's Cup"]
[Site "Seattle, WA"]
[Date "2014.02.15"]
[Round "2"]
[White "He Anthony  (WA)"]
[Black "Thomas Arjun  (WA)"]
[Result "1-0"]
[WhiteElo "1912"]
[BlackElo "1656"]
[Annotator ""]
[Source ""]
[Remark "Open"]

1.e4 e6 2.d4 d5 3.Nd2 Nf6 4.e5 Nfd7 5.c3 c5 6.Bd3 Nc6 7.Ne2 cxd4
8.cxd4 Be7 9.Nf3 O-O 10.O-O f6 11.Nf4 Nb6 12.exf6 Bxf6 13.Re1
Re8 14.b3 e5 15.dxe5 Nxe5 16.Nxe5 Bxe5 17.Bxh7+ Kxh7 18.Qh5+
Kg8 19.Rxe5 Rxe5 20.Qxe5 Qf6 21.Qxf6 gxf6 22.Bb2 Kf7 23.Rc1 Bd7
24.f3 Rc8 25.Rxc8 Bxc8 26.g4 Bd7 27.Kf2 f5 28.g5 a5 29.h4 a4
30.h5 a3 31.Bxa3 d4 32.Bb2 1-0

[Event "President's Cup"]
[Site "Seattle, WA"]
[Date "2014.02.15"]
[Round "2"]
[White "Zhang Brendan  (WA)"]
[Black "Tu Robin  (WA)"]
[Result "1-0"]
[WhiteElo "1792"]
[BlackElo "1642"]
[Annotator ""]
[Source ""]
[Remark "Open"]

1.d4 Nf6 2.c4 g6 3.g3 Bg7 4.Bg2 O-O 5.Nf3 d6 6.Nc3 Bf5 7.Qb3
Qc8 8.Nh4 Nc6 9.Nxf5 Qxf5 10.e4 Qc8 11.d5 Ne5 12.O-O c6 13.Be3
cxd5 14.cxd5 Nc4 15.Nb5 Nxe3 16.Qxe3 Qc2 17.Rab1 Qa4 18.Nc3 Qd7
19.Rfc1 Rfc8 20.Qe2 a6 21.b3 Rxc3 22.Rxc3 Nxe4 23.Re3 Nc3 24.Qe1
Nxb1 25.Qxb1 Re8 26.Qe1 e6 27.dxe6 Rxe6 28.Rxe6 fxe6 29.Qb4 d5
30.Qf4 e5 31.Qf3 e4 32.Qe2 Qc6 33.h3 Bd4 34.Qd2 Qc5 35.Qf4 Qf8
36.Qd2 Qf6 37.Qc2 Bc3 38.Qd1 Qe5 39.Qg4 Qf5 40.Qe2 Kf7 41.Qe3
Qe5 42.Qb6 Qe7 43.Qe3 Bf6 44.Qh6 Ke6 45.Qe3 Kd6 46.Qb6+ Ke5 47.Qe3
$17 Bg5 {??} 48.f4+ Bxf4 49.Qxf4+ Ke6 50.h4 Qc5+ 51.Kh1 e3 52.Bh3+
Ke7 53.Qe5+ Kd8 54.Qb8+ Ke7 55.Qxb7+ Kf8 56.Be6 Qc1+ 57.Kg2 Qd2+
58.Kh3 Qf2 59.Qc8+ Kg7 60.Qc7+ Kh6 61.Qc1 ( 61.Bxd5 $16 ) d4
62.Bg4 d3 63.a3 d2 64.Qd1 Qe1 65.Qf3 Kg7 66.h5 Qc1 67.Kh4 {?}
( 67.h6+ Kxh6 ( 67...Kg8 68.Be6+ Kh8 69.Qf8# ) 68.Qf8+ Kg5 69.Qf4# )
Qxa3 68.Qxe3 Qd6 69.h6+ Kf7 70.Qf4+ Ke7 71.Qxd6+ Kxd6 72.Kg5
Ke7 73.b4 Kf7 74.Kf4 Kf6 75.Ke3 Kg5 76.Be2 Kxh6 77.Kxd2 Kg7 78.Bxa6
Kf7 79.b5 Ke7 80.Bc8 h5 81.Ke3 g5 82.b6 Kd8 83.Bf5 h4 84.gxh4
gxh4 85.Kf4 1-0

[Event "President's Cup"]
[Site "Seattle, WA"]
[Date "2014.02.15"]
[Round "1"]
[White "Piper August  (WA)"]
[Black "Verdiyan Artem  (WA)"]
[Result "1/2-1/2"]
[WhiteElo "1500"]
[BlackElo "1249"]
[Annotator ""]
[Source ""]
[Remark "Reserve"]

1.b3 d5 2.Bb2 c5 3.Nf3 Nc6 4.c4 d4 5.d3 Nf6 6.g3 Bg4 7.Nbd2 e5
8.Bg2 Bd6 9.h3 Bf5 10.O-O Qc7 11.a3 O-O 12.Nh4 Bd7 13.e4 Ne7
14.g4 Ng6 15.Nf5 Nf4 16.Nf3 g6 17.Ng3 h5 18.Nh2 Qc8 19.f3 b5
20.Ne2 g5 21.Nxf4 gxf4 22.Rf2 bxc4 23.bxc4 Kh8 24.Qf1 h4 25.Qe2
a5 26.Kh1 a4 27.Rg1 Rg8 28.Qe1 Be7 29.Re2 Ne8 30.Bf1 Bg5 31.Bc1
Rb8 32.Rb2 Rg6 33.Rgg2 Rgb6 34.Rxb6 Rxb6 35.Rb2 Qb8 36.Rxb6 Qxb6
37.Qd2 Bd8 38.Be2 Nd6 39.Kg2 Nb7 40.Qb2 Na5 41.Qxb6 Bxb6 42.Bd2
Kg7 43.g5 Kg6 44.Ng4 Bxg4 45.hxg4 Nb3 46.Be1 Kxg5 47.Kh3 Ba5
48.Bxh4+ Kg6 49.Bd1 Bc3 50.Kg2 Bb2 51.Kf1 f6 52.Ke2 Bxa3 53.Bxb3
axb3 54.Kd2 Bb4+ 55.Kc1 1/2-1/2

[Event "President's Cup"]
[Site "Seattle, WA"]
[Date "2014.02.15"]
[Round "2"]
[White "Verdiyan Artem  (WA)"]
[Black "Brown Fred  (WA)"]
[Result "0-1"]
[WhiteElo "1249"]
[BlackElo "1506"]
[Annotator ""]
[Source ""]
[Remark "Reserve"]

1.d4 Nf6 2.c4 e5 3.dxe5 Ng4 4.e6 dxe6 5.Qxd8+ Kxd8 6.f3 Bb4+
7.Bd2 Bxd2+ 8.Nxd2 Ne3 9.Kf2 Nf5 10.e4 Nd4 11.Ne2 Nxe2 12.Bxe2
c5 13.Rhd1 Ke7 14.e5 Nc6 15.f4 Nd4 16.Bd3 Bd7 17.Be4 Bc6 18.Bxc6
Nxc6 19.Ne4 b6 20.Rd6 Rac8 21.Rad1 Rhd8 22.Ke3 Nd4 23.g4 f5 24.Rxd8
Rxd8 25.gxf5 Nxf5+ 26.Ke2 Rxd1 27.Kxd1 Ne3+ 28.Ke2 Nxc4 29.b3
Na5 30.Nd6 Nc6 31.Kd3 Kd7 32.Kc4 Nd4 33.b4 Kc6 34.bxc5 bxc5 35.Ne8
Nf5 36.a4 Kd7 37.Nf6+ gxf6 38.exf6 Ne3+ 39.Kxc5 Ng2 40.a5 Nxf4
41.a6 Nd5 42.f7 Ke7 0-1

[Event "President's Cup"]
[Site "Seattle, WA"]
[Date "2014.02.15"]
[Round "2"]
[White "Huang Jared  (WA)"]
[Black "Becker Peter  (IN)"]
[Result "1-0"]
[WhiteElo "1018"]
[BlackElo "617"]
[Annotator ""]
[Source ""]
[Remark "Reserve"]

1.d4 g6 2.c4 d6 3.Nc3 Bg7 4.Nf3 Nd7 5.g3 a6 6.Bg2 e6 7.O-O Ngf6
8.Bg5 c5 9.Ne4 Qc7 10.Nxf6+ Nxf6 11.Rc1 O-O 12.Nd2 cxd4 13.Ne4
Nxe4 14.Bxe4 Rb8 15.Qd3 b5 16.cxb5 Qd7 17.bxa6 Rxb2 18.Qa3 Rb6
19.Bd3 h6 20.Bd2 Qa7 21.Ba5 Rxa6 22.Bxa6 Qxa6 23.Bb4 Qxa3 24.Bxa3
Rd8 25.Bxd6 Rxd6 26.Rxc8+ Kh7 27.Rc7 Kg8 28.Rd1 f5 29.Ra7 Rd8
30.a4 e5 31.a5 Bf8 32.a6 Bc5 33.Rb7 e4 34.Rc1 d3 35.exd3 exd3
36.Rd1 Ra8 37.Rxd3 Rxa6 38.Rd8+ Bf8 39.Rbb8 Rf6 40.Rd7 Rf7 41.Rxf7
Kxf7 42.Kg2 Bd6 43.Rb6 Bc5 44.Rc6 Bd4 45.Kf3 h5 46.Rc2 Kf6 47.h4
g5 48.Re2 gxh4 49.gxh4 Be5 50.Ke3 Bc7 51.Kd3 f4 52.Ke4 Kg6 53.Rc2
Bd8 54.Rc6+ Kf7 55.Kxf4 Bxh4 56.f3 Bf6 57.Kg3 h4+ 58.Kh3 Kg6
59.Kg4 Kf7 60.f4 Ke7 61.Ra6 Kf7 62.Kf5 h3 63.Rxf6+ 1-0

[Event "President's Cup"]
[Site "Seattle, WA"]
[Date "2014.02.15"]
[Round "2"]
[White "Puri Ishaan  (WA)"]
[Black "Gulamali Freya  (WA)"]
[Result "1/2-1/2"]
[WhiteElo "1387"]
[BlackElo "1285"]
[Annotator ""]
[Source ""]
[Remark "Reserve"]

1.e4 e5 2.Nf3 Nc6 3.Bc4 Bc5 4.c3 Nf6 5.d3 h6 6.Bb3 d6 7.Nbd2
Qe7 8.Nf1 Ng4 9.Ne3 Nxe3 10.Bxe3 Bxe3 11.fxe3 Bg4 12.O-O Nd8
13.Qc2 Bxf3 14.Rxf3 Ne6 15.Raf1 Rf8 16.d4 Ng5 17.R3f2 f6 18.h4
Ne6 19.Ba4+ Kd8 20.dxe5 fxe5 21.Rxf8+ Nxf8 22.Qb3 c6 23.Rf7 b5
24.Rxe7 Kxe7 25.Bxb5 cxb5 26.Qxb5 Nd7 27.Qd5 Rb8 28.b3 Nf6 29.Qc6
Rd8 30.c4 Ng4 31.c5 dxc5 32.Qxc5+ Ke8 33.Qc6+ Kf8 34.Qc5+ Kg8
35.Qc4+ Kh7 36.Qe2 Rf8 37.Qd3 Rc8 38.Kf1 Rf8+ 39.Kg1 Rf2 40.Qd7
Rc2 41.Qf5+ g6 42.Qf1 1/2-1/2

[Event "President's Cup"]
[Site "Seattle, WA"]
[Date "2014.02.16"]
[Round "5"]
[White "Zhang Jason  (WA)"]
[Black "Verdiyan Artem  (WA)"]
[Result "0-1"]
[WhiteElo "1250"]
[BlackElo "1249"]
[Annotator ""]
[Source ""]
[Remark "Reserve"]

1.e4 c6 2.d4 d5 3.e5 Bf5 4.Nf3 e6 5.Nc3 c5 6.dxc5 Bxc5 7.Bb5+
Nd7 8.O-O Ne7 9.Nh4 O-O 10.Nxf5 Nxf5 11.Qg4 Nxe5 12.Qe2 Qf6 13.Bf4
Ng6 14.Be3 Bd6 15.Rad1 Nxe3 16.fxe3 Qh4 17.g3 Qb4 18.Na4 a6 19.a3
Qe4 20.Nc3 Qe5 21.Bd3 Rad8 22.Qf2 Bc5 23.Rfe1 Qg5 24.Na4 Ba7
25.Kh1 Ne5 26.Bf1 Ng4 27.Qe2 Nxe3 28.Rd3 d4 29.b4 b5 30.Nb2 Rc8
31.Rc1 Ng4 32.Re1 Ne3 33.Rc1 Rc7 34.Bh3 Qh6 35.Bf1 Nf5 36.Rdd1
Nxg3+ 0-1

[Event "President's Cup"]
[Site "Seattle, WA"]
[Date "2014.02.16"]
[Round "4"]
[White "Smith Catherine M  (WA)"]
[Black "Tu Robin  (WA)"]
[Result "0-1"]
[WhiteElo "1605"]
[BlackElo "1642"]
[Annotator ""]
[Source ""]
[Remark "Open"]

1.e4 d6 2.d4 Nf6 3.Nc3 g6 4.Be3 Bg7 5.Nf3 O-O 6.h3 Nbd7 7.Qd2
c5 8.Bh6 Qb6 9.Bxg7 Kxg7 10.b3 cxd4 11.Qxd4 Qxd4 12.Nxd4 Nc5
13.f3 Bd7 14.Bc4 a6 15.b4 Rac8 16.Nd5 Ncxe4 17.Nb6 Ng3 18.Rg1
Rc7 19.Kd2 Nf5 20.Nxf5+ Bxf5 21.g4 Bxc2 22.g5 Nh5 23.Rac1 Bf5
24.Nd5 Rd7 25.Nb6 Rdd8 26.h4 e6 27.Bb3 e5 28.Rc7 Nf4 29.Rxb7
Rb8 30.Rxb8 Rxb8 31.Nd5 Nxd5 32.Bxd5 Rxb4 33.Bb3 Rxh4 34.Rc1
Rd4+ 35.Ke3 d5 36.Rc6 Rd3+ 37.Ke2 Bd7 38.Rd6 Bb5 39.Kf2 e4 40.fxe4
dxe4 41.Rf6 Rd7 42.Ke3 Bd3 43.Rc6 h5 44.gxh6+ Kxh6 45.Rf6 Kg7
46.Rf2 g5 47.Rd2 Kg6 48.Bc2 f5 49.Rg2 f4+ 0-1

[Event "President's Cup"]
[Site "Seattle, WA"]
[Date "2014.02.16"]
[Round "5"]
[White "Brown Fred  (WA)"]
[Black "Huang Jared  (WA)"]
[Result "1-0"]
[WhiteElo "1506"]
[BlackElo "1018"]
[Annotator ""]
[Source ""]
[Remark "Reserve"]

1.d4 d5 2.c4 e5 3.dxe5 d4 4.Nf3 Nc6 5.h3 Be6 6.b3 Nge7 7.Bb2
Ng6 8.a3 Ncxe5 9.Nxe5 Nxe5 10.Qxd4 Qxd4 11.Bxd4 Nc6 12.Bb2 O-O-O
13.e3 Na5 14.Nd2 Bd6 15.b4 Nc6 16.Bxg7 Rhg8 17.Bf6 Rd7 18.c5
Be5 19.Bxe5 Nxe5 20.Rd1 Rgd8 21.Be2 Bd5 22.O-O Rg8 23.g3 Be6
24.Kh2 Nd3 25.Ne4 Ne5 26.Rxd7 Nxd7 27.Rd1 f5 28.Nc3 Bb3 29.Rd4
Bc2 30.Bd3 Bxd3 31.Rxd3 Ne5 32.Rd5 Nf3+ 33.Kg2 Nh4+ 34.Kf1 Ng6
35.Rxf5 Kd7 36.Rf7+ Kc6 37.Rxh7 Ne5 38.Rh6+ Kd7 39.Ne4 Rf8 40.Ke2
Kc8 41.Re6 Nc4 42.Nf6 Nxa3 43.Re8+ Rxe8 44.Nxe8 Kd7 45.Nf6+ Ke6
46.Ne4 b6 47.Kd3 a5 48.cxb6 cxb6 49.bxa5 bxa5 50.Nc3 Kd6 51.h4
Kc5 52.h5 Kb4 53.h6 Nb5 54.Nxb5 Kxb5 55.Kc3 Ka4 56.Kb2 Kb4 57.h7
a4 58.h8Q a3+ 59.Ka2 Ka4 60.Qd4+ Ka5 61.e4 Kb5 62.e5 Kc6 63.Qd6+
Kb5 64.e6 Kc4 65.e7 Kb5 66.e8Q+ Kc4 67.Qc8+ Kb5 68.Qdd7+ Kb6
69.Qdb7+ Ka5 70.Qca8# 1-0

[Event "President's Cup"]
[Site "Seattle, WA"]
[Date "2014.02.16"]
[Round "5"]
[White "Pogrebinsky Daniel  (WA)"]
[Black "Grassy Brock  (WA)"]
[Result "0-1"]
[WhiteElo "1431"]
[BlackElo "1352"]
[Annotator ""]
[Source ""]
[Remark "Reserve"]

1.e4 c5 2.Nf3 d6 3.c3 Nf6 4.Be2 Nc6 5.d4 cxd4 6.cxd4 Nxe4 7.d5
Ne5 8.Qa4+ Bd7 9.Qxe4 Ng4 10.O-O Qb6 11.Nc3 Rc8 12.a4 a6 13.a5
Qc7 14.Bg5 h6 15.Be3 Nf6 16.Qd3 e6 17.Bb6 Qb8 18.dxe6 Bxe6 19.Qd2
Be7 20.b4 O-O 21.b5 axb5 22.Nxb5 d5 23.Rac1 Ne4 24.Qe3 Rxc1 25.Rxc1
Bg5 26.Nxg5 Nxg5 27.f3 Re8 28.Qa3 Bh3 29.Bd1 Qf4 30.Ba4 {??}
( 30.Qc3 ) Re2 {??} ( 30...Nxf3+ 31.Qxf3 Qxc1+ $19 ) 31.Rc2 Nxf3+
32.Qxf3 Re1+ 33.Kf2 Rf1+ 34.Kxf1 Qxf3+ 35.Rf2 Bxg2+ 36.Kg1 Qe4
37.Nc3 Qe1+ 38.Kxg2 Qxc3 39.Be8 f6 40.Bg6 Qe5 {=} 41.Rf5 {?}
Qe2+ 42.Kh3 d4 43.Rc5 Qf3+ 44.Kh4 Qf2+ 45.Kh3 Qf1+ 46.Kh4 Qe1+
47.Kh3 Qe3+ 48.Kh4 Qe1+ 49.Kh3 Qe6+ 50.Kh4 d3 51.Rc7 d2 52.Rxb7
Qe1+ 53.Kh3 Qe6+ 54.Kh4 Qc4+ 55.Kh3 Qc8+ 56.Kh4 Qxb7 57.Bc2 Qc6
58.Bd1 Qe4+ 59.Kg3 Qe1+ 60.Kh3 Qxd1 0-1

[Event "President's Cup"]
[Site "Seattle, WA"]
[Date "2014.02.15"]
[Round "2"]
[White "Farny Andreas  (WA)"]
[Black "Anthony Ralph  (WA)"]
[Result "1-0"]
[WhiteElo "1449"]
[BlackElo "1667"]
[Annotator ""]
[Source ""]
[Remark "Open"]

1.e4 d6 2.d4 Nf6 3.Bd3 e5 4.d5 c6 5.c4 Be7 6.Ne2 Nbd7 7.O-O Nc5
8.f3 Qb6 9.Kh1 Bd7 10.Nbc3 cxd5 11.cxd5 Nxd3 12.Qxd3 O-O 13.Be3
Qd8 14.Rac1 a6 15.Rc2 b5 16.b4 Rc8 17.Rfc1 Ne8 18.Nb1 f5 19.Nd2
fxe4 20.fxe4 Rxc2 21.Qxc2 Bg5 22.Qd3 Bxe3 23.Qxe3 Nf6 24.Qa7
Ng4 25.Nf3 Nf6 26.Ng3 Qa8 27.Qb6 Rc8 28.Rxc8+ Qxc8 29.Qxd6 Qc1+
30.Ng1 Qa1 31.Qxa6 h5 32.Qa8+ Kf7 33.Qa7 Kg6 34.Qf2 Ng4 35.Qe2
Qd4 36.h3 Nf6 37.Nf3 Qxb4 38.Nxe5+ Kh7 39.Nxd7 Nxd7 40.Qxh5+
Kg8 41.Qe8+ 1-0

[Event "President's Cup"]
[Site "Seattle, WA"]
[Date "2014.02.16"]
[Round "3"]
[White "Tu Robin  (WA)"]
[Black "Cherepakhin Olga  (WA)"]
[Result "1-0"]
[WhiteElo "1561"]
[BlackElo "1744"]
[Annotator ""]
[Source ""]
[Remark "Open"]

1.e4 e5 2.Nc3 Nf6 3.f4 d6 4.Nf3 Nbd7 5.Bc4 Be7 6.O-O a6 7.d4
b5 8.fxe5 bxc4 9.exf6 Nxf6 10.Qe2 Bb7 11.d5 c6 12.dxc6 Bxc6 13.Qxc4
Qb6+ 14.Kh1 Bb5 15.Nxb5 axb5 16.Qe2 Ra4 17.Nd2 Qc6 18.b3 Ra8
19.c4 bxc4 20.Qxc4 Qxc4 21.bxc4 Rb8 22.Ba3 Kd7 23.Rf5 Bd8 24.Nb3
Rf8 25.e5 Ke6 26.Nd4+ Kd7 27.Bxd6 Bc7 28.Bxf8 Rxf8 29.exf6 gxf6
30.Rd1 Kc8 31.Rxf6 Be5 32.Ra6 Kb7 33.Ra5 Re8 34.Re1 f6 35.Nb5
Rd8 36.Ra7+ Kb6 37.Rxh7 Ra8 38.h4 Rxa2 39.Rxe5 fxe5 40.Re7 Re2
41.h5 Re1+ 42.Kh2 e4 43.Nc3 e3 44.Nd5+ Kc5 45.Rxe3 1-0

[Event "President's Cup"]
[Site "Seattle, WA"]
[Date "2014.02.16"]
[Round "4"]
[White "He Anthony  (WA)"]
[Black "Yee Nathaniel  (WA)"]
[Result "1/2-1/2"]
[WhiteElo "1912"]
[BlackElo "1751"]
[Annotator ""]
[Source ""]
[Remark "Open"]

1.e4 c5 2.Nf3 Nc6 3.d4 cxd4 4.Nxd4 g6 5.Nc3 Bg7 6.Be3 Nf6 7.Bc4
O-O 8.Bb3 d6 9.h3 Bd7 10.Qd2 Rc8 11.O-O Na5 12.Rfe1 Nc4 13.Bxc4
Rxc4 14.f3 a6 15.b3 Rc8 16.Nd1 b5 17.c3 Qc7 18.Rc1 Qb7 19.Bg5
Rfe8 20.Ne3 h6 21.Bh4 Qa7 22.Kh1 b4 23.Ne2 bxc3 24.Nxc3 Rc6 25.Ncd5
Nxd5 26.Nxd5 g5 27.Bf2 Qb7 28.Ne3 Rec8 29.Nc4 Qc7 30.Be3 Be6
31.Nb6 Rxc1 32.Rxc1 Qxc1+ 33.Qxc1 Rxc1+ 34.Bxc1 f5 35.exf5 Bxf5
36.Bd2 Bb1 37.a4 Kf7 38.b4 Bc2 39.a5 Bd3 40.g3 Bd4 41.Kg2 e5
42.Nd5 Bc4 43.Ne3 Bxe3 1/2-1/2

[Event "President's Cup"]
[Site "Seattle, WA"]
[Date "2014.02.15"]
[Round "1"]
[White "Anthony Ralph  (WA)"]
[Black "He Samuel  (WA)"]
[Result "0-1"]
[WhiteElo "1667"]
[BlackElo "2171"]
[Annotator ""]
[Source ""]
[Remark "Open"]

1.e4 d6 2.d4 Nf6 3.Nc3 c6 4.Bd3 e5 5.Nf3 exd4 6.Nxd4 g6 7.Bg5
Bg7 8.Qd2 O-O 9.Bh6 Qb6 10.Bxg7 Kxg7 11.Nb3 a5 12.Na4 Qc7 13.O-O
b5 14.Nc3 b4 15.Ne2 Re8 16.Ng3 Nbd7 17.f4 c5 18.c4 a4 19.Nc1
Bb7 20.f5 Qd8 21.fxg6 fxg6 22.Qg5 Re5 23.Nf5+ {??} Kh8 24.Qh6
gxf5 25.Ne2 Qf8 26.Qh3 fxe4 27.Nf4 Qg7 28.Be2 Nf8 29.Rad1 Rd8
30.Rf2 e3 31.Rff1 Bc8 32.Qh4 Rg5 33.Rf3 Bb7 34.Rg3 Rxg3 35.hxg3
Ng6 36.Nxg6+ Qxg6 37.Bd3 Qg7 38.Bxh7 Rf8 39.Be4+ Nh7 40.Bxb7
Qxb7 41.Rxd6 e2 42.Rd8 e1Q+ 43.Kh2 Qee7 0-1

[Event "President's Cup"]
[Site "Seattle, WA"]
[Date "2014.02.15"]
[Round "1"]
[White "Yu Jason  (WA)"]
[Black "Mathews Dan  (WA)"]
[Result "0-1"]
[WhiteElo "1620"]
[BlackElo "1814"]
[Annotator ""]
[Source ""]
[Remark "Open"]

1.e4 d5 2.exd5 Qxd5 3.Nc3 Qd8 4.d3 Nf6 5.Nf3 g6 6.g3 Bg7 7.Bg2
c6 8.O-O O-O 9.Be3 Nbd7 10.d4 Nb6 11.Ne2 Be6 12.c3 Bd5 13.b3
Ng4 14.h3 Nxe3 15.fxe3 e6 16.c4 Bxf3 17.Bxf3 e5 18.Qd2 Qe7 19.c5
e4 20.Bg2 Nd5 21.Nf4 Bh6 22.Nxd5 cxd5 23.Rfe1 f5 24.Kh2 g5 25.Rf1
Qc7 26.Qf2 f4 27.b4 f3 28.Bh1 Rf6 29.Rac1 Bg7 30.Kg1 h5 31.Rfd1
Qd7 32.Qh2 f2+ 33.Kg2 Qb5 34.Rf1 Qe2 35.Qg1 fxg1Q+ 36.Kxg1 Qxe3+
37.Kh2 Raf8 38.Bg2 Rxf1 39.Rxf1 Rxf1 40.Bxf1 Bxd4 0-1

[Event "President's Cup"]
[Site "Seattle, WA"]
[Date "2014.02.15"]
[Round "3"]
[White "Becker Peter  (IN)"]
[Black "Huang Ethan  (WA)"]
[Result "0-1"]
[WhiteElo "617"]
[BlackElo "638"]
[Annotator ""]
[Source ""]
[Remark "Reserve"]

1.Nf3 d5 2.g3 Nc6 3.Bg2 e5 4.d3 Bg4 5.Nbd2 Qd6 6.O-O f5 7.Re1
Nf6 8.c4 dxc4 9.dxc4 O-O-O 10.a3 e4 11.Qc2 exf3 12.Nxf3 g6 13.Bf4
Qe7 14.Red1 Bxf3 15.Bxf3 Nd4 16.Qa4 a6 17.Rd2 Nxf3+ 18.exf3 Rxd2
19.Bxd2 Bg7 20.Re1 Qd7 21.Qc2 Re8 22.Rd1 Rd8 23.Kf1 Qc6 24.Qb3
b5 25.cxb5 Qxb5+ 26.Qxb5 axb5 27.Ke2 Kb7 28.Rc1 Nd5 29.b3 Kb6
30.Bf4 Rc8 31.Be3+ Kb7 32.a4 Nxe3 33.fxe3 Kb6 34.h3 Ka5 35.axb5
Kxb5 36.g4 Kb4 37.Kd2 Kxb3 38.gxf5 gxf5 39.e4 fxe4 40.fxe4 Bh6+ 0-1